00861nam a2200217 a 450000100100000000500170001000800410002702000150006804000250008308200150010810000410012324501120016426000800027630000280035650000310038450000400041570000460045504900090050195201180051099900150062800000539320200929151650.0090819s1987 sp a 001 0 spa d a840006660X aDO-SdBNPbspacBNPHU axxxbL411g1 aLaviana Cuetos, María Luisa91530310aGuayaquil en el siglo XVIII :brecursos naturales y desarrollo económico /cMaría Luisa Laviana Cuetos. aSevilla, España :bEscuela de Estudios Hispano - Americanos, CSIC,c1987. a446 p. :bil. ;c24 cm. aIncluye tabla de contenido aIncluye referencia bibliográficas1 aNavarro García, Luis,eprólogo914972 aBNPD 001054708MOaGRbGRcHDd2009-08-19iLF1l0oxxx L411gp5393-10r2020-06-25w2020-06-25y4ZPréstamo en sala c5193d5193